TROUVEZ LES RAPPEURS AVEC LES INDICES - Statistiques

Statistiques générales
  • Ce quiz a été pris 3 262 fois
  • Le résultat moyen est 9 sur 15
Statistiques - réponses
question reponse % Correct
il nek le feu dans son egerie nekfeu
95%
il fouine chez toi la fouine
90%
il te dis wesh en y jul
89%
une composition chimiques du m du h et du d mhd
88%
deux mecs dans la legende au venezuela pnl
87%
Casquette a 90 degrés il garde les sourire et il est bien sur sa route black m
81%
il s'impose oklm booba
79%
il sniff les dog snoop dog
68%
maitre du rap maitre gims
60%
c'est un clown millionnaire soprano
55%
le crime du rap français lacrim
50%
je le mit car il dur gradur
43%
ils sont dans la cours des grand comme d'hab bigflo & oli
21%
le mec de la femme que tout le monde connaît kanye west
17%
les black beatles du missisipi rae shremmund
0%
Aucun quiz correspondant
Distribution des résultats
% des personnes avec chaque résultat
Percentile par nombre de réponses
Votre historique - résultats
Vous n’avez pas pris ce quiz